Every Major City in Greece, Bulgaria, Romania And Moldova - Statistics

General Stats
  • This quiz has been taken 20 times
  • The average score is 8 of 10
Answer Stats
Answer % Correct
Athens
100%
Bucharest
100%
Sofia
100%
Thessaloniki
100%
Chisinau
85%
Varna
85%
Cluj-Napoca
70%
Constanta
70%
Iasi
70%
Heraklion
65%
No matching quizzes found
Score Distribution
Percent of People with Each Score
Percentile by Number Answered
Your Score History
You have not taken this quiz